| 000 | 005010000a22001810004500 | ||
|---|---|---|---|
| 003 | MACL | ||
| 005 | 20160520131117.0 | ||
| 008 | 160520b xxu||||| |||| 00| 0 eng d | ||
| 040 |
_aMACL _cMACL |
||
| 041 | _aHindi | ||
| 082 | _a891.433 | ||
| 100 |
_aपरेश _947471 |
||
| 245 |
_aगैस चेम्बर _cपरेश |
||
| 260 |
_bआधार प्रकाशन _c1994 _aपंचकूला |
||
| 350 | _a40 | ||
| 650 |
_aFiction _958450 |
||
| 942 |
_cHIN _k891.433/PAR/S _2ddc |
||
| 999 |
_c19793 _d19793 |
||